[Event "Championnat de France - Open A"]
[Site "Belfort - SNPHHUATVS"]
[Date "2010.08.18"]
[Round "8.10"]
[White "Ralle, Pierre"]
[Black "Youssoupov, Moisse"]
[Result "1/2-1/2"]
[WhiteElo "2135"]
[BlackElo "2004"]
[PlyCount "106"]

1. d4 Nf6 2. Nf3 e6 3. Bg5 Be7 4. e3 b6 5. Bd3 Bb7 6. Nbd2 d5 7. c3 Nbd7 8. Qc2
h6 9. Bxf6 Nxf6 10. e4 dxe4 11. Nxe4 O-O 12. Nxf6+ Bxf6 13. Bh7+ Kh8 14. Be4
Bxe4 15. Qxe4 Qd5 16. Qxd5 exd5 17. Kd2 Rfe8 18. Rhe1 Kg8 19. Rxe8+ Rxe8 20. b4
Kf8 21. a4 a6 22. Kd3 Re6 23. a5 b5 24. Re1 Rxe1 25. Nxe1 Ke8 26. Ke3 Be7 27.
Nd3 Bd6 28. h3 f6 29. Kf3 Ke7 30. Ne1 Ke6 31. Nc2 g6 32. g3 c6 33. Ke3 Bc7 34.
Ne1 Bb8 35. Ng2 Bc7 36. Nh4 g5 37. Ng2 h5 38. Ne1 Bb8 39. Nd3 Bd6 40. f4 Kf5
41. Kf3 Ke6 42. Ne1 Bc7 43. fxg5 fxg5 44. g4 h4 45. Ke3 Bf4+ 46. Ke2 Bg3 47.
Nd3 Bd6 48. Nc1 Bf4 49. Nb3 Bd6 50. Kd3 Kf6 51. Nd2 Bf4 52. Nf3 Ke6 53. Ne1 Kf6
1/2-1/2

[Event "Championnat de France - Open A"]
[Site "Belfort - SNPHHUATVS"]
[Date "2010.08.19"]
[Round "9.1"]
[White "Ricter, Jean-Paul"]
[Black "Cristofari, Antoine"]
[Result "1/2-1/2"]
[WhiteElo "2083"]
[BlackElo "2123"]
[PlyCount "82"]

1. c4 g6 2. Nc3 Bg7 3. g3 c5 4. Bg2 Nc6 5. d3 Rb8 6. e3 d6 7. Nge2 Bd7 8. O-O
a6 9. d4 Nf6 10. d5 Na5 11. b3 b5 12. cxb5 axb5 13. Bb2 O-O 14. Qd2 b4 15. Ne4
Nxe4 16. Bxe4 Bxb2 17. Qxb2 Bb5 18. Rfe1 Qb6 19. Rac1 Qa6 20. h4 Bxe2 21. Rxe2
f6 22. Kg2 c4 23. bxc4 Nxc4 24. Qd4 Ne5 25. Rb2 Rb7 26. Rbc2 Qa7 27. Qd2 Nd7
28. h5 Nc5 29. Bf3 b3 30. Rb2 bxa2 31. Rxa2 Qb6 32. Qd1 Qb3 33. Qxb3 Rxb3 34.
hxg6 hxg6 35. Rcc2 Rfb8 36. Be2 Kf8 37. Bc4 R3b4 38. Re2 Kg7 39. Ra7 R4b7 40.
Raa2 Rb6 41. Ra7 R6b7 1/2-1/2

[Event "Championnat de France - Open A"]
[Site "Belfort - SNPHHUATVS"]
[Date "2010.08.19"]
[Round "9.3"]
[White "Leroy, Olivier"]
[Black "Milesi, Laurent"]
[Result "1-0"]
[WhiteElo "2085"]
[BlackElo "2148"]
[PlyCount "68"]

1. g3 Nf6 2. c4 c5 3. Bg2 d5 4. cxd5 Nxd5 5. Nc3 Nc7 6. Nf3 Nc6 7. a3 e5 8. b4
cxb4 9. axb4 Bxb4 10. Nxe5 Bxc3 11. Nxc6 bxc6 12. Bxc6+ Bd7 13. Bxd7+ Qxd7 14.
dxc3 Qc6 15. Qa4 Nb5 16. O-O Rc8 17. Bb2 O-O 18. Rac1 Qc4 19. Qxc4 Rxc4 20.
Rfd1 h6 21. Rd7 Rb8 22. Kg2 a5 23. Rcd1 Rb6 24. Rd8+ Kh7 25. Ra8 Nc7 26. Ra7
Rxb2 27. Rd7 Nb5 28. Rab7 Rc6 29. Rxf7 Rg6 30. Rfe7 Rb1 31. c4 Nc3 32. Ra7 Rb4
33. c5 a4 34. h4 Rc4 1-0

[Event "Championnat de France - Open A"]
[Site "Belfort - SNPHHUATVS"]
[Date "2010.08.19"]
[Round "9.4"]
[White "Prost, Frederic"]
[Black "Franck, Boris"]
[Result "1/2-1/2"]
[WhiteElo "2122"]
[BlackElo "2086"]
[PlyCount "124"]

1. d4 g6 2. Bg5 Bg7 3. c3 c5 4. e3 cxd4 5. exd4 Qb6 6. Qb3 Qxb3 7. axb3 b6 8.
Na3 Kd8 9. Nf3 Bb7 10. Be2 Kc8 11. O-O d6 12. Rfe1 h6 13. Bd2 a6 14. Nc4 Nd7
15. Bd1 Kc7 16. h3 Ndf6 17. Nh2 g5 18. Nf1 e6 19. Ng3 Ne7 20. Ne3 Ng6 21. Ng4
Nd7 22. Nh5 Bf8 23. g3 Be7 24. Ne3 Nf6 25. Nxf6 Bxf6 26. Bc2 Ne7 27. Bd3 h5 28.
Nc2 Nc6 29. b4 b5 30. Rad1 Ne7 31. Ne3 Rac8 32. Bf1 Kb6 33. Ra1 Rhg8 34. Bg2
Bxg2 35. Kxg2 d5 36. Nf1 Nf5 37. Be3 Nd6 38. Nd2 Nc4 39. Nb3 Ra8 40. Nc5 Rgd8
41. Ra2 Ra7 42. Rea1 Rda8 43. b3 Nd6 44. f3 Be7 45. Bc1 Nb7 46. Nd7+ Kc7 47.
Ne5 f6 48. Nd3 a5 49. bxa5 Rxa5 50. Rxa5 Rxa5 51. Rxa5 Nxa5 52. b4 Nc4 53. f4
g4 54. hxg4 hxg4 55. Nf2 f5 56. Nd3 Bd6 57. Kf2 Nb6 58. Bd2 Nd7 59. Be1 Nf6 60.
Kg2 Ne4 61. Kf1 Kc6 62. Ke2 Kb6 1/2-1/2

[Event "Championnat de France - Open A"]
[Site "Belfort - SNPHHUATVS"]
[Date "2010.08.19"]
[Round "9.5"]
[White "Schmitt, Fabien"]
[Black "Kirk, Ezra"]
[Result "0-1"]
[WhiteElo "2118"]
[BlackElo "1998"]
[PlyCount "148"]

1. c4 Nf6 2. Nc3 g6 3. g3 Bg7 4. Bg2 d6 5. d4 O-O 6. e3 e5 7. Nge2 c6 8. O-O
exd4 9. Nxd4 Qc7 10. b4 Nbd7 11. Bb2 Re8 12. Rc1 a5 13. a3 Ne5 14. Nce2 axb4
15. axb4 Ra2 16. Bc3 Bd7 17. Nb3 Rea8 18. c5 d5 19. Na5 Ne4 20. Bxe4 dxe4 21.
Bxe5 Bxe5 22. Nc3 Bxc3 23. Rxc3 Bh3 24. Qb1 R2xa5 25. bxa5 Bxf1 26. Kxf1 Qxa5
27. Rc4 Qa1 28. Qxa1 Rxa1+ 29. Kg2 Ra5 30. Rxe4 Rxc5 31. Re8+ Kg7 32. Kf3 b5
33. Ke4 b4 34. Ra8 b3 35. Kd3 Rc2 36. Rb8 Rxf2 37. Rxb3 Rxh2 38. Ke4 Rg2 39.
Kf3 Rc2 40. Kf4 Kf6 41. g4 Rc4+ 42. Kf3 h5 43. gxh5 gxh5 44. Rb8 Rc1 45. Rh8
Kg6 46. Rg8+ Kh7 47. Rc8 c5 48. Rc6 Kg7 49. Kf4 Rc4+ 50. Kg5 h4 51. e4 h3 52.
Rh6 Rxe4 53. Rxh3 Rc4 54. Kf5 Rc1 55. Rg3+ Kf8 56. Kf6 Rf1+ 57. Ke5 Ke7 58. Ra3
Re1+ 59. Kd5 Rd1+ 60. Kxc5 f6 61. Kc4 Ke6 62. Ra5 f5 63. Kc3 Kf6 64. Ra4 Kg5
65. Kc2 Rd8 66. Kc1 f4 67. Ra5+ Kg4 68. Ra3 f3 69. Ra7 Kg3 70. Rg7+ Kf2 71. Rf7
Ke2 72. Re7+ Kf1 73. Rf7 f2 74. Re7 Rg8 0-1

[Event "Championnat de France - Open A"]
[Site "Belfort - SNPHHUATVS"]
[Date "2010.08.19"]
[Round "9.6"]
[White "Lallement, Victor"]
[Black "Guignier, Nicolas"]
[Result "1/2-1/2"]
[WhiteElo "2067"]
[BlackElo "2107"]
[PlyCount "94"]

1. e4 c5 2. Nf3 Nc6 3. d4 cxd4 4. Nxd4 g6 5. Nc3 Bg7 6. Be3 Nf6 7. Nxc6 bxc6 8.
e5 Ng8 9. f4 Nh6 10. Bd3 d6 11. exd6 exd6 12. Qf3 O-O 13. O-O Ng4 14. f5 Nxe3
15. Qxe3 Qb6 16. Qxb6 axb6 17. fxg6 hxg6 18. Rfe1 Bd4+ 19. Kf1 Be5 20. h3 Be6
21. a3 b5 22. Re4 f5 23. Rb4 d5 24. Re1 Bxc3 25. bxc3 Kf7 26. Ra1 Ra5 27. Ke2
Rfa8 28. Ke3 Rxa3 29. Rxa3 Rxa3 30. Kd4 Ke7 31. Rb3 Ra6 32. Kc5 d4 33. Rb4 dxc3
34. g4 Kf6 35. Kd6 Bd5 36. gxf5 Ra4 37. Rb1 gxf5 38. Bxb5 Rh4 39. Bf1 Rd4 40.
Kc5 Rd2 41. Bd3 Ke5 42. Kb4 Rxd3 43. cxd3 Kd4 44. Rc1 f4 45. Rxc3 f3 46. Rc1
Kxd3 47. Kc5 f2 1/2-1/2

[Event "Championnat de France - Open A"]
[Site "Belfort - SNPHHUATVS"]
[Date "2010.08.19"]
[Round "9.7"]
[White "Leuly, Max"]
[Black "Ternault, Mathieu"]
[Result "1/2-1/2"]
[WhiteElo "2107"]
[BlackElo "1989"]
[PlyCount "42"]

1. d4 d5 2. Nf3 Nf6 3. c4 c6 4. Nc3 a6 5. a4 e6 6. e3 a5 7. Be2 Na6 8. O-O Bd6
9. b3 Qe7 10. Bb2 O-O 11. Bd3 dxc4 12. Bxc4 e5 13. dxe5 Bxe5 14. Nxe5 Qxe5 15.
Qd4 Qg5 16. Ne4 Nxe4 17. Qxe4 Nc5 18. Qe5 Qxe5 19. Bxe5 Re8 20. Bd4 Ne4 21.
Rfd1 Nd6 1/2-1/2

[Event "Championnat de France - Open A"]
[Site "Belfort - SNPHHUATVS"]
[Date "2010.08.19"]
[Round "9.8"]
[White "Redon, Bruno"]
[Black "Gelin, Baptiste"]
[Result "1-0"]
[WhiteElo "2137"]
[BlackElo "1919"]
[PlyCount "35"]

1. e4 e5 2. f4 d5 3. exd5 exf4 4. Nf3 Nf6 5. Bb5+ Bd7 6. Bc4 Bd6 7. Qe2+ Be7 8.
d4 O-O 9. Bxf4 Bg4 10. Nc3 Re8 11. O-O Bb4 12. Qd3 Bxc3 13. Qxc3 Nbd7 14. Ne5
Bh5 15. Bb3 Ng4 16. Nxg4 Bxg4 17. Qg3 Nf6 18. Be5 1-0

[Event "Championnat de France - Open A"]
[Site "Belfort - SNPHHUATVS"]
[Date "2010.08.19"]
[Round "9.9"]
[White "Armand, Jerome"]
[Black "Defrance, Laurent"]
[Result "1-0"]
[WhiteElo "2008"]
[BlackElo "2190"]
[PlyCount "78"]

1. e4 e5 2. Nf3 Nf6 3. Nxe5 d6 4. Nf3 Nxe4 5. Nc3 Nxc3 6. dxc3 Be7 7. Bd3 Nd7
8. Be3 O-O 9. h4 Nc5 10. Bxc5 dxc5 11. Qd2 Bd6 12. Ng5 h6 13. Ne4 Bf5 14. Nxd6
Qxd6 15. O-O-O Bxd3 16. Qxd3 Qf6 17. Qg3 Qc6 18. Rd3 Rfd8 19. Rhd1 Rxd3 20.
Rxd3 Re8 21. Re3 Rxe3 22. Qxe3 Qxg2 23. Qe8+ Kh7 24. Qxf7 Qe4 25. b3 Qe5 26. h5
b6 27. f4 Qd6 28. f5 Qe5 29. Kd2 a6 30. Kd3 c6 31. Qg6+ Kg8 32. Qe6+ Qxe6 33.
fxe6 Kf8 34. Ke4 a5 35. c4 Ke7 36. Ke5 b5 37. cxb5 cxb5 38. c4 a4 39. cxb5 c4
1-0

[Event "Championnat de France - Open A"]
[Site "Belfort - SNPHHUATVS"]
[Date "2010.08.19"]
[Round "9.10"]
[White "Boukhris-Ferre, Yacine"]
[Black "Ralle, Pierre"]
[Result "1-0"]
[WhiteElo "1975"]
[BlackElo "2135"]
[PlyCount "79"]

1. e4 c5 2. Nc3 e6 3. g3 d5 4. Bg2 d4 5. Nb1 Nc6 6. d3 e5 7. a4 Bd6 8. Na3 Nge7
9. Ne2 O-O 10. O-O f5 11. exf5 Bxf5 12. Nc4 Bc7 13. Kh1 Qd7 14. Ng1 Rae8 15.
Bd2 b6 16. f3 Be6 17. b3 Nd5 18. Rf2 Re7 19. Qf1 Ncb4 20. Bg5 Ref7 21. Re1 Nc6
22. Bc1 a6 23. Nh3 h6 24. f4 b5 25. axb5 axb5 26. Na3 Ncb4 27. Kg1 exf4 28.
Nxf4 Bxf4 29. gxf4 Na2 30. Bd2 Nac3 31. Re5 Rf5 32. Qe1 Rxe5 33. Qxe5 Rf5 34.
Qb8+ Rf8 35. Qe5 Ra8 36. f5 Bf7 37. Bxc3 Rxa3 38. Bd2 Ra1+ 39. Bf1 Ra6 40. Rg2
1-0

[Event "Championnat de France - Open A"]
[Site "Belfort - SNPHHUATVS"]
[Date "2010.08.20"]
[Round "10.1"]
[White "Ollier, Milan"]
[Black "Ricter, Jean-Paul"]
[Result "1-0"]
[WhiteElo "2116"]
[BlackElo "2083"]
[PlyCount "113"]

1. e4 d5 2. exd5 Nf6 3. Bb5+ Bd7 4. Bc4 b5 5. Bb3 Bg4 6. f3 Bc8 7. Qe2 Ba6 8.
a4 b4 9. Bc4 Bxc4 10. Qxc4 Nxd5 11. Qb5+ c6 12. Qb7 Nd7 13. Qxc6 e6 14. c3 Rc8
15. Qb5 Bd6 16. Ne2 O-O 17. d4 N7b6 18. Qd3 a5 19. O-O Qc7 20. g3 Rfd8 21. Bd2
Nc4 22. Bc1 Ncb6 23. Bd2 e5 24. Rc1 exd4 25. cxd4 Qe7 26. b3 Rxc1+ 27. Bxc1 Re8
28. Kf2 Qe6 29. Ra2 Qh3 30. Kg1 h5 31. f4 Nf6 32. Nd2 Nbd5 33. Nf3 Ng4 34. Qb5
Ndf6 35. Qc6 Bb8 36. Qb7 Rd8 37. Qxf7+ Kh8 38. Qg6 Nd5 39. Qh7+ Kxh7 40. Ng5+
Kg6 41. Nxh3 Ba7 42. Ng5 Nc3 43. Nxc3 Bxd4+ 44. Kg2 Bxc3 45. h3 Nf6 46. Be3 Nd5
47. Bf2 Re8 48. Kf3 Bf6 49. h4 Nc3 50. Rd2 Bxg5 51. hxg5 Kf5 52. Bb6 Ra8 53.
Rd7 Ra6 54. Be3 Kg6 55. g4 hxg4+ 56. Kxg4 Ne4 57. f5+ 1-0

[Event "Championnat de France - Open A"]
[Site "Belfort - SNPHHUATVS"]
[Date "2010.08.20"]
[Round "10.2"]
[White "Kirk, Ezra"]
[Black "Cristofari, Antoine"]
[Result "1-0"]
[WhiteElo "1998"]
[BlackElo "2123"]
[PlyCount "68"]

1. d4 Nf6 2. c4 g6 3. Nc3 Bg7 4. Nf3 d6 5. e4 O-O 6. Be2 e5 7. O-O Nc6 8. d5
Ne7 9. Ne1 Nd7 10. f3 f5 11. g4 Kh8 12. h4 Ng8 13. g5 f4 14. Kg2 Rf7 15. Nd3
Bf8 16. Rh1 Be7 17. Qg1 Kg7 18. Kf1 Kf8 19. Bd2 Rg7 20. Rc1 a5 21. Nb5 h6 22.
Na7 hxg5 23. hxg5 Bxg5 24. Nxc8 Rxc8 25. Bxa5 Be7 26. Bc3 Kf7 27. Rh8 Bf8 28.
Qg4 Qe7 29. c5 Ngf6 30. Qh3 Rd8 31. c6 bxc6 32. Nb4 Nb8 33. dxc6 d5 34. Nxd5
Nxd5 1-0

[Event "Championnat de France - Open A"]
[Site "Belfort - SNPHHUATVS"]
[Date "2010.08.20"]
[Round "10.3"]
[White "Guignier, Nicolas"]
[Black "Leroy, Olivier"]
[Result "0-1"]
[WhiteElo "2107"]
[BlackElo "2085"]
[PlyCount "88"]

1. c4 Nf6 2. g3 g6 3. Bg2 Bg7 4. Nc3 O-O 5. d3 c5 6. a3 Nc6 7. Rb1 Rb8 8. e3 b6
9. Nge2 Bb7 10. O-O Ne5 11. e4 e6 12. h3 Nc6 13. b4 d6 14. b5 Ne7 15. Bb2 Qc7
16. f4 Rbd8 17. Qe1 Qb8 18. g4 Qa8 19. Qh4 Rfe8 20. Rf2 Nd7 21. Rbf1 f5 22. Bf3
Kh8 23. Qg3 Nf6 24. g5 Nd7 25. h4 e5 26. Nd5 Bxd5 27. exd5 Kg8 28. h5 e4 29.
Bxg7 exf3 30. Bb2 fxe2 31. Rxe2 gxh5 32. Qe1 Ng6 33. Qc3 Nde5 34. fxe5 Rxe5 35.
Rxf5 Rde8 36. Ref2 Qc8 37. Kh2 Qd7 38. R5f3 Qg4 39. Bc1 Re2 40. Qf6 Rxf2+ 41.
Rxf2 Rf8 42. Qb2 Rxf2+ 43. Qxf2 Ne5 44. Qg3 Qe2+ 0-1

[Event "Championnat de France - Open A"]
[Site "Belfort - SNPHHUATVS"]
[Date "2010.08.20"]
[Round "10.4"]
[White "Achereiner, Guillaume"]
[Black "Redon, Bruno"]
[Result "1-0"]
[WhiteElo "2028"]
[BlackElo "2137"]
[PlyCount "79"]

1. Nf3 c5 2. c4 g6 3. g3 Bg7 4. Bg2 Nc6 5. O-O d6 6. Nc3 e5 7. d3 Nge7 8. Rb1
O-O 9. a3 Nd4 10. Nxd4 cxd4 11. Nd5 Be6 12. Nxe7+ Qxe7 13. b4 Rfc8 14. a4 Rab8
15. e3 e4 16. Bxe4 Bxc4 17. exd4 Bxd4 18. Be3 Bxe3 19. fxe3 d5 20. dxc4 dxe4
21. Qb3 Qe6 22. c5 Qxb3 23. Rxb3 Rd8 24. Rc3 Rbc8 25. Rfc1 a6 26. Kf1 Rd2 27.
R1c2 Rd1+ 28. Kg2 Ra1 29. b5 axb5 30. axb5 Rb1 31. b6 Rc6 32. g4 Kf8 33. g5 Kg7
34. Kg3 h6 35. gxh6+ Kxh6 36. Kf4 Re6 37. Ra2 Rc6 38. Ra7 Rbxb6 39. cxb6 Rxc3
40. Rxb7 1-0

[Event "Championnat de France - Open A"]
[Site "Belfort - SNPHHUATVS"]
[Date "2010.08.20"]
[Round "10.5"]
[White "Ferry, Roger"]
[Black "Prost, Frederic"]
[Result "1-0"]
[WhiteElo "2063"]
[BlackElo "2122"]
[PlyCount "83"]

1. d4 d5 2. Nf3 c5 3. dxc5 e6 4. e3 Bxc5 5. Be2 Nf6 6. O-O O-O 7. Nbd2 Nc6 8.
Nb3 Bd6 9. Nbd2 Qe7 10. b3 e5 11. Bb2 e4 12. Nd4 Qe5 13. g3 Qg5 14. Nxc6 bxc6
15. Bxf6 Qxf6 16. c4 Qg5 17. Nxe4 dxe4 18. Qxd6 Bh3 19. Rfd1 Rac8 20. Rd2 Rcd8
21. Qb4 a5 22. Qc3 Rxd2 23. Qxd2 Rd8 24. Qc2 Qe5 25. Rd1 Rxd1+ 26. Qxd1 h6 27.
Qd4 Qe7 28. c5 f5 29. f4 exf3 30. Bxf3 f4 31. gxf4 Qh4 32. Qd1 Qe7 33. Qc1 Qf6
34. Kf2 Qh4+ 35. Ke2 Be6 36. Qd2 Qxh2+ 37. Kd3 Qg1 38. Bxc6 Bf5+ 39. Kc4 Qf1+
40. Kd5 h5 41. Kd6 h4 42. Qd5+ 1-0

[Event "Championnat de France - Open A"]
[Site "Belfort - SNPHHUATVS"]
[Date "2010.08.20"]
[Round "10.6"]
[White "Leuly, Max"]
[Black "Lallement, Victor"]
[Result "1/2-1/2"]
[WhiteElo "2107"]
[BlackElo "2067"]
[PlyCount "37"]

1. d4 Nf6 2. Nf3 d5 3. c4 c6 4. Nc3 dxc4 5. e3 b5 6. a4 b4 7. Na2 e6 8. Bxc4
Be7 9. O-O O-O 10. b3 Bb7 11. Bb2 c5 12. Nc1 Nc6 13. Be2 cxd4 14. Nxd4 Nxd4 15.
Bxd4 Qa5 16. Bf3 Bxf3 17. Qxf3 Qd5 18. Qxd5 Nxd5 19. Ne2 1/2-1/2

[Event "Championnat de France - Open A"]
[Site "Belfort - SNPHHUATVS"]
[Date "2010.08.20"]
[Round "10.7"]
[White "Franck, Boris"]
[Black "Armand, Jerome"]
[Result "1-0"]
[WhiteElo "2086"]
[BlackElo "2008"]
[PlyCount "59"]

1. e4 e5 2. Nf3 Nc6 3. Bc4 Nf6 4. d3 Bc5 5. c3 O-O 6. Bb3 d5 7. Qe2 Be6 8. Bg5
dxe4 9. dxe4 Bxb3 10. axb3 h6 11. Bh4 Qd6 12. b4 Bb6 13. Nbd2 Ne7 14. Nc4 Qe6
15. Nfxe5 g5 16. Bg3 Nxe4 17. Qxe4 f5 18. Qxb7 Rab8 19. Qa6 f4 20. O-O fxg3 21.
hxg3 Kg7 22. Nf3 Rxf3 23. gxf3 Qh3 24. Nxb6 Nf5 25. Qxa7 Rf8 26. Qxc7+ Rf7 27.
Qe5+ Kh7 28. Ra8 Re7 29. Rh8+ Kg6 30. Rg8+ 1-0

[Event "Championnat de France - Open A"]
[Site "Belfort - SNPHHUATVS"]
[Date "2010.08.20"]
[Round "10.10"]
[White "Gidel, Jean-Louis"]
[Black "Aurel, Luc"]
[Result "1/2-1/2"]
[WhiteElo "2085"]
[BlackElo "2185"]
[PlyCount "24"]

1. d4 d6 2. Nf3 Bg4 3. Bg5 Bxf3 4. exf3 c6 5. c3 Nd7 6. Nd2 h6 7. Be3 Ngf6 8.
Bd3 Nd5 9. O-O e6 10. Re1 Be7 11. Nf1 Nxe3 12. fxe3 Qb6 1/2-1/2

[Event "Championnat de France - Open A"]
[Site "Belfort - SNPHHUATVS"]
[Date "2010.08.21"]
[Round "11.2"]
[White "Ricter, Jean-Paul"]
[Black "Kirk, Ezra"]
[Result "1/2-1/2"]
[WhiteElo "2083"]
[BlackElo "1998"]
[PlyCount "43"]

1. c4 c5 2. g3 Nc6 3. Bg2 g6 4. Nc3 Bg7 5. d3 d6 6. Rb1 Nf6 7. Nf3 Bd7 8. O-O
Qc8 9. Re1 O-O 10. a3 Rb8 11. b4 b6 12. b5 Nd8 13. Qb3 Bh3 14. Bh1 Ne6 15. Bb2
Qd7 16. Nd5 Nh5 17. Bxg7 Nhxg7 18. Qc3 Nc7 19. Nxc7 Qxc7 20. Qd2 f6 21. Qh6 Be6
22. a4 1/2-1/2

[Event "Championnat de France - Open A"]
[Site "Belfort - SNPHHUATVS"]
[Date "2010.08.21"]
[Round "11.3"]
[White "Franck, Boris"]
[Black "Achereiner, Guillaume"]
[Result "1/2-1/2"]
[WhiteElo "2086"]
[BlackElo "2028"]
[PlyCount "127"]

1. e4 c5 2. c3 Nf6 3. e5 Nd5 4. d4 cxd4 5. Nf3 Nc6 6. cxd4 d6 7. exd6 Qxd6 8.
Nc3 Bg4 9. Be2 e6 10. O-O Be7 11. h3 Bh5 12. Be3 O-O 13. Qd2 Rac8 14. Rac1 Rfd8
15. Rfd1 Bg6 16. a3 Nxc3 17. Rxc3 Bf6 18. b4 Ne7 19. Bf4 Qb6 20. Bh2 Rxc3 21.
Qxc3 Rc8 22. Qc5 h6 23. Qxb6 axb6 24. Ne5 Bc2 25. Rc1 Be4 26. Rxc8+ Nxc8 27. f3
Bd5 28. Kf2 Nd6 29. Ke3 Nf5+ 30. Kd3 Bd8 31. g4 Ne7 32. Nc4 Bc6 33. Ne3 Ng6 34.
Nc4 f6 35. Ke3 Ne7 36. Kd2 g5 37. Ne3 b5 38. Nd1 Ng6 39. Nc3 Nh4 40. Ke3 Bb6
41. Bxb5 e5 42. Bxc6 Bxd4+ 43. Ke4 bxc6 44. Ne2 Ba7 45. Bg1 Bxg1 46. Nxg1 Ng6
47. Ne2 Kf7 48. a4 Ke6 49. b5 cxb5 50. axb5 Ne7 51. Nc3 Nc8 52. Kd3 Nb6 53. Ke4
Nc4 54. Kd3 Nd6 55. b6 f5 56. Nb5 e4+ 57. fxe4 fxe4+ 58. Ke3 Nc4+ 59. Kxe4 Nxb6
60. Nd4+ Kf6 61. Nf3 Nc4 62. h4 gxh4 63. Nxh4 Ne5 64. Kf4 1/2-1/2

[Event "Championnat de France - Open A"]
[Site "Belfort - SNPHHUATVS"]
[Date "2010.08.21"]
[Round "11.4"]
[White "Ternault, Mathieu"]
[Black "Ferry, Roger"]
[Result "1-0"]
[WhiteElo "1989"]
[BlackElo "2063"]
[PlyCount "63"]

1. e4 e6 2. d4 c5 3. Nf3 Nf6 4. e5 Ng8 5. d5 exd5 6. Qxd5 Qe7 7. Be3 Qe6 8. Qd2
d5 9. Nc3 d4 10. Nb5 Na6 11. Bf4 Bd7 12. Bd3 Bc6 13. Ng5 Qd7 14. Qe2 Nh6 15. e6
fxe6 16. Nxe6 Kf7 17. Bc4 Bd5 18. Qh5+ g6 19. Qxd5 Qxd5 20. Bxd5 Nb4 21. Nxf8+
Nxd5 22. Bxh6 Ne7 23. Nd7 b6 24. Ne5+ Kf6 25. Nf3 Nd5 26. O-O-O a6 27. Nc3 Nb4
28. Ne4+ Kf7 29. a3 Nc6 30. Rhe1 Rhe8 31. Nfg5+ Kg8 32. Nf6+ 1-0

[Event "Championnat de France - Open A"]
[Site "Belfort - SNPHHUATVS"]
[Date "2010.08.21"]
[Round "11.6"]
[White "Cristofari, Antoine"]
[Black "Leuly, Max"]
[Result "1-0"]
[WhiteElo "2123"]
[BlackElo "2107"]
[PlyCount "133"]
[EventDate "2010.??.??"]

1. e4 c5 2. Nf3 d6 3. c3 Nf6 4. h3 Nc6 5. Bd3 g6 6. Bc2 Bg7 7. d4 cxd4 8. cxd4
Nb4 9. Ba4+ Bd7 10. Nc3 O-O 11. O-O d5 12. e5 Ne4 13. Bxd7 Qxd7 14. Re1 Nxc3
15. bxc3 Nc6 16. Ng5 e6 17. Qg4 h6 18. Nf3 Rac8 19. a4 Ne7 20. Bd2 Rc4 21. a5
Rfc8 22. Qf4 Ra4 23. Nh2 Rxa1 24. Rxa1 Kh7 25. Ng4 Ng8 26. g3 h5 27. Ne3 Bh6
28. Qf3 Kg7 29. Kg2 f5 30. Nf1 Bxd2 31. Nxd2 Rc7 32. Qe3 Qc8 33. Rc1 Qd8 34.
Nb3 b6 35. axb6 axb6 36. h4 Nh6 37. Nd2 Rf7 38. Qf4 Ra7 39. Rc2 Nf7 40. Nf3 Rc7
41. Qc1 b5 42. Rb2 Rb7 43. Qb1 Qd7 44. Ra2 Rc7 45. Ra3 Qc6 46. Qb4 Qc4 47. Ra5
Qxc3 48. Qxb5 Qc6 49. Qb4 Rb7 50. Qa3 Qc7 51. Ra8 Rb8 52. Ra7 Rb7 53. Ra6 Qe7
54. Qc3 Qd7 55. Rc6 Qe7 56. Qa5 Qd7 57. Qa6 Ra7 58. Qb6 Rb7 59. Qc5 Qe7 60. Qc1
Qd7 61. Rc8 Qe7 62. Ng1 g5 63. Nf3 g4 64. Ng1 Qb4 65. Ne2 Qb2 66. Nf4 Qxc1 67.
Nxe6+ 1-0

[Event "Championnat de France - Open A"]
[Site "Belfort - SNPHHUATVS"]
[Date "2010.08.21"]
[Round "11.7"]
[White "Schmitt, Fabien"]
[Black "Soyer, Jean-Yves"]
[Result "0-1"]
[WhiteElo "2118"]
[BlackElo "2079"]
[PlyCount "120"]

1. d4 Nf6 2. Bg5 e6 3. c4 c5 4. Nc3 cxd4 5. Qxd4 Nc6 6. Qh4 Be7 7. e4 Qa5 8.
O-O-O a6 9. f4 d6 10. Qe1 h6 11. Bxf6 Bxf6 12. Nge2 Be7 13. Nd4 Nxd4 14. Rxd4
Bd7 15. e5 dxe5 16. fxe5 O-O-O 17. Be2 Qxe5 18. Rg4 Bc6 19. Qg3 Qxg3 20. Rxg3
g6 21. Rf1 Rhf8 22. Bf3 Kc7 23. a3 Bxf3 24. Rgxf3 f5 25. Rg3 g5 26. Re3 Rd6 27.
c5 Rc6 28. b4 g4 29. Nd5+ Kd7 30. Nf4 Bg5 31. Kb1 Bxf4 32. Rxf4 Ke7 33. Rd4 Kf6
34. Rd7 Rf7 35. Red3 Rc7 36. R7d6 f4 37. h3 h5 38. Kc2 Kf5 39. hxg4+ hxg4 40.
Kd2 Rh7 41. Ke2 e5 42. Kf2 g3+ 43. Kg1 Rhe7 44. R3d5 Re6 45. Rd7 Re7 46. R7d6
Rc6 47. a4 Rxd6 48. Rxd6 Rc7 49. Kf1 a5 50. c6 axb4 51. Rd7 Rxc6 52. Rxb7 Rc1+
53. Ke2 Rc2+ 54. Kf1 Rb2 55. a5 Ra2 56. Rxb4 Rxa5 57. Rb2 Ra1+ 58. Ke2 Rg1 59.
Kd3 e4+ 60. Kd4 Rd1+ 0-1

[Event "Championnat de France - Open A"]
[Site "Belfort - SNPHHUATVS"]
[Date "2010.08.21"]
[Round "11.9"]
[White "Redon, Bruno"]
[Black "Veron, Cyprien"]
[Result "1/2-1/2"]
[WhiteElo "2137"]
[BlackElo "2073"]
[PlyCount "21"]

1. e4 e5 2. f4 d5 3. exd5 e4 4. d3 Qxd5 5. Qe2 Nf6 6. dxe4 Qxe4 7. Nc3 Bb4 8.
Bd2 Qxe2+ 9. Bxe2 O-O 10. O-O-O c6 11. a3 1/2-1/2

[Event "Championnat de France - Open A"]
[Site "Belfort - SNPHHUATVS"]
[Date "2010.08.21"]
[Round "11.10"]
[White "Prost, Frederic"]
[Black "Louis, Thibault"]
[Result "1/2-1/2"]
[WhiteElo "2122"]
[BlackElo "2017"]
[PlyCount "28"]

1. d4 d5 2. c4 dxc4 3. Nf3 Nf6 4. e3 e6 5. Bxc4 a6 6. Qe2 b5 7. Bb3 Bb7 8. O-O
c5 9. Rd1 Qc7 10. a4 b4 11. Nbd2 Nbd7 12. e4 cxd4 13. e5 Nd5 14. Nc4 Nc5
1/2-1/2